The effectiveness of coaching for the SAT : review and reanalysis of research from the fifties to the FTC /

Bibliographic Details
Main Author: Messick, Samuel
Other Authors: Alderman, Donald L.
Format: Book
Language:English
Published: [Princeton, N.J.] : Educational Testing Service, 1980.
Subjects:

MARC

Tag First Indicator Second Indicator Subfields
LEADER 00000cam a2200000 a 4500
001 in00000099674
005 20150924160328.0
008 810806s1980 njua b 00010 eng d
010 |a  80067449  
035 |a (OCoLC)07644668 
035 |9 AAL0292AM 
040 |a UIU  |c UIU  |d UMK  |d OCL  |d TXA  |d UtOrBLW 
043 |a n-us--- 
049 |a TXAM  |c [388991] 
090 |a LB2367  |b M4 
090 |a LB2353.57  |b .M47 
092 |a 371.26  |b M563e 
100 1 |a Messick, Samuel. 
245 1 4 |a The effectiveness of coaching for the SAT :  |b review and reanalysis of research from the fifties to the FTC /  |c by Samuel Messick, in collaboration with Donald L. Alderman [and others]. 
264 1 |a [Princeton, N.J.] :  |b Educational Testing Service,  |c 1980. 
300 |a vi, 135 pages :  |b illustrations ;  |c 23 cm. 
336 |a text  |b txt  |2 rdacontent 
337 |a unmediated  |b n  |2 rdamedia 
338 |a volume  |b nc  |2 rdacarrier 
504 |a Includes bibliographies. 
650 0 |a SAT (Educational test) 
650 0 |a Universities and colleges  |z United States  |x Entrance requirements. 
700 1 |a Alderman, Donald L. 
999 |a MARS 
999 f f |s da770c09-d394-31e8-8d83-3d31f80f6f47  |i 2eb9d1af-6d98-37a3-9ffd-20b21208cf88  |t 0 
952 f f |p normal  |a Texas A&M University  |b College Station  |c Sterling C. Evans Library  |d Evans: Library Stacks  |t 0  |e LB2353.57 .M47  |h Library of Congress classification  |i unmediated -- volume  |m A14806045102 
998 f f |a LB2353.57 .M47  |t 0  |l Evans: Library Stacks